000 00895nam a2200253 a 4500
999 _c15958
_d15958
005 20181218122222.0
010 _aB-310301-314
020 _a9780140107814
_c299.00
035 _aB-310301-314
035 _aB-359062
037 _bGDMK
082 _a954.03
245 _aIndia's struggle for independence, 1857-1947 /
_cby Bipan Chandra ... [et al]
260 _aNew Delhi
_bPenguin Books
_c1989
270 _a11, Community Centre, Panchsheel Park
_bNew Delhi
_e110017
300 _a600 p.
_c22 cm. (pbk)
500 _aIncludes index.
504 _aBibliography: p. [529]-572.
650 _aNationalism
_zIndia
_xHistory.
700 _aChandra, Bipan.
942 _2ddc
_cEN
_h954.03
_mCHA